Matemáticas y razonamiento plausible
Guardat en:
| Autor principal: | |
|---|---|
| Format: | Llibre |
| Idioma: | espanyol |
| Publicat: |
Madrid
Tecnos
1966
|
| Col·lecció: | Estructura y Función
|
| Matèries: | |
| Etiquetes: |
Afegir etiqueta
Sense etiquetes, Sigues el primer a etiquetar aquest registre!
|
MARC
| LEADER | 00000nam a2200000 a 4500 | ||
|---|---|---|---|
| 001 | UCZ2613 | ||
| 003 | CL-VaPUC | ||
| 008 | 951005e19660000SP |||||||||||||||||spa|d | ||
| 082 | 0 | 4 | |a 511.2 |b POL |2 21 |
| 100 | 0 | |a Pólya, George |e author |9 346395 | |
| 245 | 1 | 0 | |a Matemáticas y razonamiento plausible |
| 300 | |a 580 p | ||
| 942 | |c BK | ||
| 945 | |d 19951005 00:00:00 |a cmena | ||
| 260 | |a Madrid |b Tecnos |c 1966 | ||
| 650 | 0 | |a Matemática |9 260235 | |
| 650 | 0 | |a Inducción |9 324566 | |
| 650 | 0 | |a Lógica matemática |9 262442 | |
| 650 | 0 | |a Razón |9 314475 | |
| 583 | |a last modification |c 19951005 00:00:00 |k Rodrigo Vera | ||
| 490 | 0 | |a Estructura y Función | |
| 999 | |c 239181 |d 239179 | ||
| 952 | |0 0 |1 0 |4 0 |6 511_200000000000000_POL_1966 |7 0 |8 P |9 250073 |a BIBEDU |b BIBEDU |c BIBEDU_PB |d 2019-11-18 |i 1568787 |o 511.2 POL 1966 |p 1568787 |r 2024-01-25 |w 2019-11-18 |y BK |k FIL | ||
| 952 | |0 0 |1 0 |4 0 |6 511_200000000000000_POL_1966 |7 0 |8 A |9 250074 |a BIBMAT |b BIBMAT |d 2019-11-18 |i 1488570 |o 511.2 POL 1966 |p 1488570 |r 2025-01-07 |w 2019-11-18 |y BK |k MAT | ||
| 952 | |0 0 |1 0 |4 0 |6 511_200000000000000_POL_1966 |7 0 |8 A |9 250075 |a BIBMAT |b BIBMAT |d 2019-11-18 |i 1488627 |o 511.2 POL 1966 |p 1488627 |r 2025-01-07 |w 2019-11-18 |y BK |k MAT | ||
| 952 | |0 0 |1 0 |4 0 |6 511_200000000000000_POL_1966 |7 0 |8 A |9 250076 |a BIBCUR |b BIBCUR |d 2019-11-18 |i 4532554 |l 1 |o 511.2 POL 1966 |p 4532554 |r 2025-03-18 |s 2025-03-17 |w 2019-11-18 |y BK |k FIS | ||